|
|
|
|
| LEADER |
00000nab a2200000 a 4500 |
| 001 |
vtls001024676 |
| 003 |
SK-MaSNL |
| 005 |
20260305035025.0 |
| 008 |
040720e19971106xo 0 slo |
| 035 |
|
|
|a SL3237
|
| 040 |
|
|
|a SLLK
|b slo
|c SLLK
|e AACR2
|
| 041 |
0 |
|
|a slo
|
| 044 |
|
|
|a xo
|c SK
|
| 080 |
|
|
|a 796.33
|2 1981
|
| 100 |
1 |
|
|a Furtkevič, Miroslav
|4 aut
|9 1023286
|
| 245 |
1 |
0 |
|a Ďalšia etapa sálového futbalu
|
| 650 |
0 |
7 |
|a futsal
|2 SLLK
|9 30002
|
| 650 |
0 |
7 |
|a liga okresná
|2 SLLK
|9 1022449
|
| 650 |
0 |
7 |
|a ročník súťažný nový
|2 SLLK
|9 1023721
|
| 650 |
0 |
7 |
|a prípravy
|2 SLLK
|9 315432
|
| 650 |
0 |
7 |
|a články informatívne
|2 SLLK
|9 1022426
|
| 651 |
|
7 |
|a Stará Ľubovňa (Slovensko : okres)
|2 SLLK
|9 19196
|
| 655 |
|
7 |
|a periodikum
|2 snkbucl
|9 29553
|
| 773 |
0 |
8 |
|t Ľubovnianske noviny
|g Roč. 23, č.44, 6.11.1997, s. 3
|
| 852 |
|
|
|a ZVYKNI
|b KIS3GCP
|
| 999 |
|
|
|c 3331613
|d 3333543
|